| 000 | 00592nab a2200157 4500 | ||
|---|---|---|---|
| 999 |
_c372361 _d372361 |
||
| 001 | 90031 | ||
| 003 | OSt | ||
| 005 | 20230414075514.0 | ||
| 007 | tu | ||
| 008 | 110905s2000||||||| | ||
| 040 |
_aDE-2950 _cDE-2950 |
||
| 245 | 0 | 0 |
_aInternationale Liebe an der Viadrina. _bFügung. Elena Mikhaylova aus Russland ist Dozentin an der Universität Viadrina in Frankfurt. Ihr Ehemann stammt aus den USA. Sie erzählen von ihrem unwahrscheinlichen Zusammenkommen / _cSelim Pekel |
| 264 | _c2023 | ||
| 773 | 0 |
_g34. Jahrgang (2023) Nr. 85, 12.04.2023, S. 15: mit Foto _tMärkische Oderzeitung |
|
| 942 |
_2z _cA |
||